Responses for Show #3231 - Monday, September 28, 1998

Contestants

[<< previous game]

Dan Mathews, a social studies teacher from New Preston, Connecticut

Jenny Winslow, an image consultant from Richardson, Texas

Barry Berlin, an investment manager from Atlanta, Georgia (whose 2-day cash winnings total $10,800)

[next game >>]

Jeopardy! Round responses

THEATER
POTENT POTABLES
"DOWN" THE HATCH
JAPAN
HUNKS
WELL, DUH!
(Alex: A category dedicated especially to me!)
    $100 7
Man of La Mancha

Dan
    $100 1
Orange juice

Barry
    $100 4
Meltdown

Jenny
    $100 21
Socks

Barry
    $100 26
David Hasselhoff

Jenny
    $100 16
Psychiatrist

Barry
    $500 8
Arthur Miller

Dan
    $200 2
Tequila

Barry
    $200 5
(Dan: What is down to Earth?)

Downwind

BarryDan
    $200 22
Buddhism

Jenny
    $200 27
Fabio

Dan
    $200 17
John Paul I

Dan
    $300 9
"Rent"

Jenny
    $300 3
(Dan: What is Oklahoma?)

Hawaii

JennyDan
    $300 6
"Now I lay me down to sleep..."

Dan
    $300 23
(Jenny: What is a volcano?)

Ocean current

BarryJenny
    $300 28
Rudolph Valentino

Jenny
    $300 18
Feathers

Jenny
    $400 14
"Phantom of the Opera"

Barry
    $400 12
Scotch

Barry
    $400 10
Downtrodden

Barry
    $400 24
Honda

Barry
    $400 29
Victor Mature

Dan
    $400 19
5

Jenny
    $500 15
"Titanic"

Jenny
    $500 13
(Jenny: What is Benedictine?)

Chartreuse

Jenny
Triple Stumper
    $500 11
Knockdowns

Barry
    $500 25
(Alex: We have about a minute left.)

Dolls

Barry
    $500 30
Shemar Moore

Jenny
    $500 20
"Because that's where the money is!"

Barry

Scores at the first commercial break (after clue 14):

Barry Jenny Dan
$2,200 $200 $400

Scores at the end of the Jeopardy! Round:

Barry Jenny Dan
$4,100 $2,200 $1,200

Double Jeopardy! Round responses

WORLD HISTORY
MIND YOUR BUSINESS
SICKNESS & HEALTH
PLAY "BALL"
OCCUPATIONAL NAMES
RHYME TIME
    $200 1
Lusitania

Jenny
    $200 2
Samson (Samsonite)

Barry
    $200 21
Penicillin

Jenny
    $200 11
Spitball

Dan
    $200 16
Cybill Shepherd

Dan
    $200 26
(Alex: Yeah, I like your reaction to that, too!)

Nude dude

Jenny
    $400 6
The Boer War

Dan
    $400 3
Amway

Jenny
    $400 22
Brain waves

Jenny
    $400 12
Airball

Barry
    $400 17
Victoria Principal

Jenny
    $400 27
Deer beer

Dan
    $600 7
(Dan: Who is Leif Erickson?)

Eric the Red

BarryDan
    $1,000 4
(Dan: Nice going, Jenny!)

$6 (Motel 6)

Jenny
    $600 23
Parrots

Triple Stumper
    $600 13
Medicine ball

Dan
    $600 18
Barbara Boxer

Dan
    $600 28
Crab gab

Jenny
    $800 8
Elba

Triple Stumper
    $800 5
Maximilian Berlitz

Dan
    $1,500 24
(Jenny: What are coronal arteries?)
...
(Alex: We have less than a minute to go.)

Coronary arteries

Jenny
    $800 14
Foosball

Dan
    $800 19
Samuel Butler

Triple Stumper
    $800 29
Cock clock

Dan
    $1000 9
(Dan: What is The Hague?)

London

Dan
Triple Stumper
    $1000 10
Topps

Triple Stumper
    $1000 25
Fungi

Triple Stumper
    $1000 15
Stickball

Barry
    $1000 20
Josephine Baker

Dan
    $1000 30
(Alex: Unappetizing for some, only!)

Fly pie

Triple Stumper

Scores at the end of the Double Jeopardy! Round:

Barry Jenny Dan
$6,300 $4,100 $5,400

[wagering suggestions for these scores]

Final Jeopardy! Round responses

20th CENTURY ARTISTS
JennyWho is Rodin?
$4,100
DanWho is Picasso?
$5,300
BarryWho is Christo?
$4,500
Constantin Brancusi

Final scores:

Barry Jenny Dan
$1,800 $0 $100
3-day champion: $12,600 3rd place: Sony Wireless Phone with Sprint PCS Service 2nd place: Windjammer Caribbean Cruise

Game dynamics:

Coryat scores:

Barry Jenny Dan
$6,300 $5,200 $5,100
17 R,
0 W
18 R
(including 1 DD),
3 W
(including 1 DD)
16 R
(including 1 DD),
4 W

Combined Coryat: $16,600

[game clues] [game scores] [suggest correction]

Game tape date: 1998-07-22
The J! Archive is created by fans, for fans. Scraping, republication, monetization, and malicious use prohibited; this site may use cookies and collect identifying information. See terms. The Jeopardy! game show and all elements thereof, including but not limited to copyright and trademark thereto, are the property of Jeopardy Productions, Inc. and are protected under law. This website is not affiliated with, sponsored by, or operated by Jeopardy Productions, Inc. Join the discussion at JBoard.tv.